Psicología del lenguaje
Na minha lista:
| Autor principal: | |
|---|---|
| Formato: | Livro |
| Idioma: | espanhol |
| Publicado em: |
Madrid
Pirámide
2003
|
| Colecção: | Psicología
|
| Assuntos: | |
| Tags: |
Adicionar Tag
Sem tags, seja o primeiro a adicionar uma tag!
|
MARC
| LEADER | 00000nam a2200000 a 4500 | ||
|---|---|---|---|
| 001 | UCK0237 | ||
| 003 | CL-VaPUC | ||
| 008 | 040924e20030000SP |||||||||||||||||spa|d | ||
| 020 | |a 8436817982 | ||
| 082 | 0 | 4 | |a 401.9 |b LOP |2 21 |
| 100 | |a López-Higes Sánchez, Ramón |e autor |9 488145 | ||
| 245 | 1 | 0 | |a Psicología del lenguaje |
| 300 | |a 234 p | ||
| 942 | |c BK | ||
| 945 | |d 20040924 00:00:00 |a cmena | ||
| 260 | |a Madrid |b Pirámide |c 2003 | ||
| 650 | 0 | |a Psicolingüística |9 283371 | |
| 650 | 0 | |a Análisis del discurso |9 256696 | |
| 583 | |a last modification |c 20130102 10:25:13 |k Rodrigo Vera | ||
| 490 | 0 | |a Psicología | |
| 999 | |c 310726 |d 310724 | ||
| 952 | |0 0 |1 0 |4 0 |6 401_900000000000000_LOP_2003 |7 0 |8 A |9 379649 |a BIBEDU |b BIBEDU |d 2019-11-21 |i 4065441 |o 401.9 LOP 2003 |p 4065441 |r 2019-11-21 |w 2019-11-21 |y BK |k PAR | ||